Trees and bushes of Europe. (Record no. 24903)

MARC details
000 -LEADER
fixed length control field 00315nam a2200133Ia 4500
082 ## - DEWEY DECIMAL CLASSIFICATION NUMBER
Classification number 635.054(4)
Item number POL
100 ## - MAIN ENTRY--AUTHOR NAME
Personal name POLUMIN, Oleg
245 #0 - TITLE STATEMENT
Title Trees and bushes of Europe.
260 ## - PUBLICATION, DISTRIBUTION, ETC. (IMPRINT)
Place of publication London
Name of publisher Oxford
Year of publication 1976
650 ## - SUBJECT ADDED ENTRY--TOPICAL TERM
Topical Term Europe
650 ## - SUBJECT ADDED ENTRY--TOPICAL TERM
Topical Term Trees
942 ## - ADDED ENTRY ELEMENTS (KOHA)
Koha item type Books
Holdings
Withdrawn status Lost status Damaged status Not for loan Home library Current library Date acquired Full call number Accession Number Koha item type
        RRII Library RRII Library 16/12/2021 635.054(4) POL 05569 Books